| 000 | 00719nam a22002297a 4500 | ||
|---|---|---|---|
| 005 | 20170124110251.0 | ||
| 010 | _aA-946253 | ||
| 020 | _c260.00 | ||
| 035 | _aA-946253 | ||
| 037 | _bCen Lib/Ret | ||
| 040 |
_aDPL _bHN |
||
| 082 |
_a343.05 _bDHR |
||
| 100 |
_aDhruv, R.A. _914607 |
||
| 245 |
_aBharat's direct taxes ready reckoner 1999-2000 / _cby R. A. Dhruv |
||
| 250 | _a13th ed. | ||
| 260 |
_aNew Delhi _bBharat Law House _c1999-2000 |
||
| 270 |
_bNew Delhi _a222, Tarun Enclave, Pitampura _e110034 |
||
| 300 |
_a540p. _c23cm(pbk) |
||
| 650 |
_aDirect taxation -- Law and legislation -- India. _9110721 |
||
| 650 |
_aDirect taxation -- India. _999004 |
||
| 942 |
_2ddc _cEN _h343.05 _mDHR |
||
| 999 |
_c135880 _d135880 |
||